00258nam a2200109Ia 4500100001800000650003200018366000700050245003200057260002400089082001800113546001700131 aRabaey/Jan M  adigital integrated circuits f27 aDigital integrated circuits bprentice hallc2015 a621.3815bRAB aENGLISHcTTL